Statistical computations on a digital computer (Record no. 3482)

MARC details
000 -LEADER
fixed length control field 00561nam a2200181Ia 4500
003 - CONTROL NUMBER IDENTIFIER
control field IN-BaIIA
008 - FIXED-LENGTH DATA ELEMENTS--GENERAL INFORMATION
fixed length control field 211028s9999 xx 000 0 eng d
040 ## - CATALOGING SOURCE
Transcribing agency IIA Library
080 ## - UNIVERSAL DECIMAL CLASSIFICATION NUMBER
Universal Decimal Classification number 681.3
Item number HEM
100 ## - MAIN ENTRY--PERSONAL NAME
Personal name Hemmerle, William J.
9 (RLIN) 6159
245 #0 - TITLE STATEMENT
Title Statistical computations on a digital computer
Statement of responsibility, etc. William J. Hemmerle
260 ## - PUBLICATION, DISTRIBUTION, ETC.
Place of publication, distribution, etc. Waltham
Name of publisher, distributor, etc. Blaisdell Publishing
Date of publication, distribution, etc. 1967
300 ## - PHYSICAL DESCRIPTION
Extent x, 230p.
490 ## - SERIES STATEMENT
Series statement A blaisdell book in computer science
650 ## - SUBJECT ADDED ENTRY--TOPICAL TERM
Topical term or geographic name entry element Computers
9 (RLIN) 2283
650 ## - SUBJECT ADDED ENTRY--TOPICAL TERM
Topical term or geographic name entry element NASA Thesaurus
942 ## - ADDED ENTRY ELEMENTS (KOHA)
Koha item type Books
Holdings
Withdrawn status Lost status Damaged status Not for loan Home library Current library Shelving location Date acquired Cost, normal purchase price Total Checkouts Full call number Barcode Date last seen Cost, replacement price Price effective from Koha item type Purchase Price
        IIA Library-Bangalore IIA Library-Bangalore General Stacks 23/05/1970 54.00   681.3/ HEM 3879 05/11/2021 54.00 23/05/1970 Books Rs. 54.00

Powered by Koha